<?xml version="1.0" encoding="UTF-8"?>
<record
    xmlns:xsi="http://www.w3.org/2001/XMLSchema-instance"
    xsi:schemaLocation="http://www.loc.gov/MARC21/slim http://www.loc.gov/standards/marcxml/schema/MARC21slim.xsd"
    xmlns="http://www.loc.gov/MARC21/slim">

  <leader>00693nam a22002177a 4500</leader>
  <datafield tag="999" ind1=" " ind2=" ">
    <subfield code="c">1028</subfield>
    <subfield code="d">1028</subfield>
  </datafield>
  <controlfield tag="001">10007</controlfield>
  <controlfield tag="003">BD-DhUAP</controlfield>
  <controlfield tag="005">20210119103622.0</controlfield>
  <controlfield tag="008">200202s2004    bg ||||| |||| 00| 0 eng d</controlfield>
  <datafield tag="020" ind1=" " ind2=" ">
    <subfield code="a">9848470174</subfield>
  </datafield>
  <datafield tag="040" ind1=" " ind2=" ">
    <subfield code="a">BD-DhUAP</subfield>
    <subfield code="b">Eng</subfield>
    <subfield code="c">BD-DhUAP</subfield>
    <subfield code="d">BD-DhUAP</subfield>
  </datafield>
  <datafield tag="082" ind1=" " ind2=" ">
    <subfield code="2">23</subfield>
    <subfield code="a">346.54920432 KHA</subfield>
  </datafield>
  <datafield tag="100" ind1=" " ind2=" ">
    <subfield code="a">Khan, Md. Ansar Ali. </subfield>
  </datafield>
  <datafield tag="245" ind1=" " ind2=" ">
    <subfield code="a">Land laws in Bangladesh : </subfield>
    <subfield code="b">with up to-date amendment &amp; latest decisions / </subfield>
    <subfield code="c">Md. Ansar Ali Khan.</subfield>
  </datafield>
  <datafield tag="250" ind1=" " ind2=" ">
    <subfield code="a">1st ed.</subfield>
  </datafield>
  <datafield tag="260" ind1=" " ind2=" ">
    <subfield code="a">Dhaka :</subfield>
    <subfield code="b">Bangladesh law book com.,</subfield>
    <subfield code="c">c2004.</subfield>
  </datafield>
  <datafield tag="300" ind1=" " ind2=" ">
    <subfield code="a">xvi, 672 pages ;</subfield>
    <subfield code="c">23 cm.</subfield>
  </datafield>
  <datafield tag="650" ind1=" " ind2=" ">
    <subfield code="a">Land tenure</subfield>
    <subfield code="v">Law and legislation</subfield>
    <subfield code="z">Bangladesh. </subfield>
  </datafield>
  <datafield tag="650" ind1=" " ind2=" ">
    <subfield code="a">Real property</subfield>
    <subfield code="z">Bangladesh.</subfield>
  </datafield>
  <datafield tag="942" ind1=" " ind2=" ">
    <subfield code="2">ddc</subfield>
    <subfield code="c">BK</subfield>
  </datafield>
  <datafield tag="952" ind1=" " ind2=" ">
    <subfield code="0">0</subfield>
    <subfield code="1">0</subfield>
    <subfield code="2">ddc</subfield>
    <subfield code="4">0</subfield>
    <subfield code="7">0</subfield>
    <subfield code="a">UAPCL</subfield>
    <subfield code="b">UAPCL</subfield>
    <subfield code="c">General Stacks</subfield>
    <subfield code="d">2020-02-02</subfield>
    <subfield code="l">1</subfield>
    <subfield code="m">2</subfield>
    <subfield code="o">346.54920432 KHA</subfield>
    <subfield code="p">3010010007</subfield>
    <subfield code="r">2023-08-20</subfield>
    <subfield code="s">2023-07-23</subfield>
    <subfield code="t">1</subfield>
    <subfield code="w">2020-02-02</subfield>
    <subfield code="y">BK</subfield>
  </datafield>
  <datafield tag="952" ind1=" " ind2=" ">
    <subfield code="0">0</subfield>
    <subfield code="1">0</subfield>
    <subfield code="2">ddc</subfield>
    <subfield code="4">0</subfield>
    <subfield code="7">0</subfield>
    <subfield code="a">UAPCL</subfield>
    <subfield code="b">UAPCL</subfield>
    <subfield code="c">General Stacks</subfield>
    <subfield code="d">2020-02-02</subfield>
    <subfield code="o">346.54920432 KHA</subfield>
    <subfield code="p">3010010432</subfield>
    <subfield code="r">2020-02-02</subfield>
    <subfield code="t">2</subfield>
    <subfield code="w">2020-02-02</subfield>
    <subfield code="y">BK</subfield>
  </datafield>
  <datafield tag="952" ind1=" " ind2=" ">
    <subfield code="0">0</subfield>
    <subfield code="1">0</subfield>
    <subfield code="2">ddc</subfield>
    <subfield code="4">0</subfield>
    <subfield code="7">0</subfield>
    <subfield code="a">UAPCL</subfield>
    <subfield code="b">UAPCL</subfield>
    <subfield code="c">General Stacks</subfield>
    <subfield code="d">2020-02-02</subfield>
    <subfield code="o">346.54920432 KHA</subfield>
    <subfield code="p">3010010434</subfield>
    <subfield code="r">2020-02-02</subfield>
    <subfield code="t">3</subfield>
    <subfield code="w">2020-02-02</subfield>
    <subfield code="y">BK</subfield>
  </datafield>
  <datafield tag="952" ind1=" " ind2=" ">
    <subfield code="0">0</subfield>
    <subfield code="1">0</subfield>
    <subfield code="2">ddc</subfield>
    <subfield code="4">0</subfield>
    <subfield code="7">0</subfield>
    <subfield code="a">UAPCL</subfield>
    <subfield code="b">UAPCL</subfield>
    <subfield code="c">General Stacks</subfield>
    <subfield code="d">2020-02-02</subfield>
    <subfield code="l">2</subfield>
    <subfield code="o">346.54920432 KHA</subfield>
    <subfield code="p">3010009088</subfield>
    <subfield code="r">2025-03-16</subfield>
    <subfield code="s">2025-02-18</subfield>
    <subfield code="t">4</subfield>
    <subfield code="w">2020-02-02</subfield>
    <subfield code="y">BK</subfield>
  </datafield>
  <datafield tag="952" ind1=" " ind2=" ">
    <subfield code="0">0</subfield>
    <subfield code="1">0</subfield>
    <subfield code="2">ddc</subfield>
    <subfield code="4">0</subfield>
    <subfield code="7">0</subfield>
    <subfield code="a">UAPCL</subfield>
    <subfield code="b">UAPCL</subfield>
    <subfield code="c">General Stacks</subfield>
    <subfield code="d">2020-02-02</subfield>
    <subfield code="o">346.54920432 KHA</subfield>
    <subfield code="p">3010010430</subfield>
    <subfield code="r">2020-02-02</subfield>
    <subfield code="t">5</subfield>
    <subfield code="w">2020-02-02</subfield>
    <subfield code="y">BK</subfield>
  </datafield>
  <datafield tag="952" ind1=" " ind2=" ">
    <subfield code="0">0</subfield>
    <subfield code="1">0</subfield>
    <subfield code="2">ddc</subfield>
    <subfield code="4">0</subfield>
    <subfield code="7">0</subfield>
    <subfield code="a">UAPCL</subfield>
    <subfield code="b">UAPCL</subfield>
    <subfield code="c">General Stacks</subfield>
    <subfield code="d">2020-02-02</subfield>
    <subfield code="l">1</subfield>
    <subfield code="m">2</subfield>
    <subfield code="o">346.54920432 KHA</subfield>
    <subfield code="p">3010010433</subfield>
    <subfield code="r">2026-01-03</subfield>
    <subfield code="s">2025-11-27</subfield>
    <subfield code="t">6</subfield>
    <subfield code="w">2020-02-02</subfield>
    <subfield code="y">BK</subfield>
  </datafield>
  <datafield tag="952" ind1=" " ind2=" ">
    <subfield code="0">0</subfield>
    <subfield code="1">0</subfield>
    <subfield code="2">ddc</subfield>
    <subfield code="4">0</subfield>
    <subfield code="7">0</subfield>
    <subfield code="a">UAPCL</subfield>
    <subfield code="b">UAPCL</subfield>
    <subfield code="c">General Stacks</subfield>
    <subfield code="d">2020-02-02</subfield>
    <subfield code="l">2</subfield>
    <subfield code="m">2</subfield>
    <subfield code="o">346.54920432 KHA</subfield>
    <subfield code="p">3010009493</subfield>
    <subfield code="r">2023-08-20</subfield>
    <subfield code="s">2023-07-20</subfield>
    <subfield code="t">7</subfield>
    <subfield code="w">2020-02-02</subfield>
    <subfield code="y">BK</subfield>
  </datafield>
  <datafield tag="952" ind1=" " ind2=" ">
    <subfield code="0">0</subfield>
    <subfield code="1">0</subfield>
    <subfield code="2">ddc</subfield>
    <subfield code="4">0</subfield>
    <subfield code="7">0</subfield>
    <subfield code="a">UAPCL</subfield>
    <subfield code="b">UAPCL</subfield>
    <subfield code="c">General Stacks</subfield>
    <subfield code="d">2020-02-02</subfield>
    <subfield code="l">1</subfield>
    <subfield code="o">346.54920432 KHA</subfield>
    <subfield code="p">3010010006</subfield>
    <subfield code="r">2024-01-25</subfield>
    <subfield code="s">2024-01-14</subfield>
    <subfield code="t">8</subfield>
    <subfield code="w">2020-02-02</subfield>
    <subfield code="y">BK</subfield>
  </datafield>
  <datafield tag="952" ind1=" " ind2=" ">
    <subfield code="0">0</subfield>
    <subfield code="1">0</subfield>
    <subfield code="2">ddc</subfield>
    <subfield code="4">0</subfield>
    <subfield code="7">0</subfield>
    <subfield code="a">UAPCL</subfield>
    <subfield code="b">UAPCL</subfield>
    <subfield code="c">General Stacks</subfield>
    <subfield code="d">2020-02-02</subfield>
    <subfield code="o">346.54920432 KHA</subfield>
    <subfield code="p">3010009492</subfield>
    <subfield code="r">2020-02-02</subfield>
    <subfield code="t">9</subfield>
    <subfield code="w">2020-02-02</subfield>
    <subfield code="y">BK</subfield>
  </datafield>
  <datafield tag="952" ind1=" " ind2=" ">
    <subfield code="0">0</subfield>
    <subfield code="1">0</subfield>
    <subfield code="2">ddc</subfield>
    <subfield code="4">0</subfield>
    <subfield code="7">0</subfield>
    <subfield code="a">UAPCL</subfield>
    <subfield code="b">UAPCL</subfield>
    <subfield code="c">General Stacks</subfield>
    <subfield code="d">2020-02-02</subfield>
    <subfield code="l">3</subfield>
    <subfield code="m">6</subfield>
    <subfield code="o">346.54920432 KHA</subfield>
    <subfield code="p">3010010008</subfield>
    <subfield code="r">2026-01-12</subfield>
    <subfield code="s">2025-12-04</subfield>
    <subfield code="t">10</subfield>
    <subfield code="w">2020-02-02</subfield>
    <subfield code="y">BK</subfield>
  </datafield>
  <datafield tag="952" ind1=" " ind2=" ">
    <subfield code="0">0</subfield>
    <subfield code="1">0</subfield>
    <subfield code="2">ddc</subfield>
    <subfield code="4">0</subfield>
    <subfield code="7">0</subfield>
    <subfield code="a">UAPCL</subfield>
    <subfield code="b">UAPCL</subfield>
    <subfield code="c">General Stacks</subfield>
    <subfield code="d">2021-01-31</subfield>
    <subfield code="o">346.54920432 KHA</subfield>
    <subfield code="p">3010010009</subfield>
    <subfield code="r">2021-01-31</subfield>
    <subfield code="t">11</subfield>
    <subfield code="w">2021-01-31</subfield>
    <subfield code="y">BK</subfield>
  </datafield>
</record>
